000 01465 a2200277 4500
001 53049
005 20260407155804.0
008 260407a2001 arg spa d
003 AR-UNSa-BCEJYS
040 _aAR-UNSa-BCEJYS
_bspa
_cAR-UNSa-BCEJYS
080 _a330.43
_xEconometría
245 1 0 _aAnálisis econométrico con EViews
020 _a970-15-0729-0
264 1 _aMéxico :
_bAlfaomega Grupo Editor
_c2001
300 _axv, 338 p.
_c23 cm.
505 _a1. Introducción a EViews - 2. La lógica de trabajo en EViews:Los objetos - 3. Introducción de datos - 4. Elección de la muestra,transformación de variables y descripción de los datos - 5. Especificación y estimación de un modelo de regresión lineal clásico - 6. Mínimos cuadrados ordinarios:Inferencia - 7. Mínimos cuadrados ordinarios:Predicción - 8. Variables exógenas cualitativas - 9. Multicolinealidad - 10. Contrastes de especificación y diagnóstico del modelo econométrico - 11. Modelo de regresión lineal generalizado - 12. Heteroscedasticidad - 13. Autocorrelación - 14. Modelos con variables retardadas
041 _aspa
942 _cBK
590 _aniveau_biblio:m niveau_hierar:0
100 1 _aCarrascal Arranz, Ursicino
700 1 _aGonzález González, Yolanda
700 1 _aRodríguez Prado, Beatriz
650 _aEVIEWS
856 4 1 _uhttps://www.biblioeco.unsa.edu.ar/pmb/images/libros/L128424.jpg
_yImagen de portada
_qimage/jpeg
650 _a eviews
999 _c5057
_d5057